Normal view
MARC view
- 1- NONLINEAR CONTROL THEORY
Entry Topical Term
001 - CONTROL NUMBER
- control field: 64585
003 - CONTROL NUMBER IDENTIFIER
- control field: NUST
005 - DATE AND TIME OF LATEST TRANSACTION
- control field: 20210628203312.0
008 - FIXED-LENGTH DATA ELEMENTS
- fixed length control field: 210628|| aca||aabn | a|a d
040 ## - CATALOGING SOURCE
- Original cataloging agency: NUST
- Transcribing agency: NUST
150 ## - HEADING--TOPICAL TERM
- Topical term or geographic name entry element: 1- NONLINEAR CONTROL THEORY
670 ## - SOURCE DATA FOUND
- Source citation: Work cat.: (NUST): Do, Duc Khac , Pan, Jie 64584, Control of ships and underwater vehicles , design for underactuated and nonlinear marine system, 2009
